000 00268nam a22001217a 4500
020 _a07214-1991-7
082 _a823
_bBAX/C
100 _aBAXTER, NICOLA
245 _aCLEVER LITTLE FAIRY
260 _aLONDON
_bLADYBIRD
650 _aENGLISH SHORT STORY
_zUK
942 _cBK
999 _c4226
_d4226